| 000 | 00576nam a22001817a 4500 | ||
|---|---|---|---|
| 999 |
_c179790 _d179790 |
||
| 005 | 20210708150239.0 | ||
| 010 | _aENG-129530 | ||
| 020 |
_c420.00 _a978-81-237-8850-0 |
||
| 035 | _aEN-113062 | ||
| 037 | _bDBAD/PUB | ||
| 082 | _a920 | ||
| 100 | _aArvind vyankatesh gokhale | ||
| 245 |
_aThe Prisoner of Mandalay/ _cby Arvind vyankatesh gokhale |
||
| 260 |
_aNew Delhi _bNational Book trust _c2019 |
||
| 270 |
_bNew Delhi _aNehru bhawan , 5 Institutional area , phase -2, vasant kunj _e110070 |
||
| 300 |
_a476p; _c21cm(pbk) |
||
| 942 |
_2ddc _cEN _h920 _mGOK |
||